000
00195 a2200097 4500
001
10101
100
_a
Pak Pub
245
_a
Pakistan 1955 - 1956
260
_a
_b
Pak Pub
_c
090
_c
7852
_d
7852
942
_a
NUST-CAE
_c
M
_c
34547
999
_c
245174
_d
245174